| 000 | 00481nam a2200157 a 4500 | ||
|---|---|---|---|
| 001 | 000044682 | ||
| 005 | 20201002045541.0 | ||
| 008 | 141216s2014 dr a 000 0 spa d | ||
| 020 | _a9789945585049 | ||
| 040 |
_aDO-SdBNP _bspa _cBNPHU |
||
| 082 |
_axxxx _bxxxx |
||
| 110 | 1 |
_aRepública Dominicana. _bPoder Judicial _915992 |
|
| 245 | 1 | 0 |
_aGuía de contenido : _bpágina wed del poder judicial. |
| 260 |
_aSanto Domingo : _bPoder Judicial, _c2014. |
||
| 300 |
_a23 p. : _bil., ; _c22 cm. |
||
| 999 |
_c44171 _d44171 |
||